000 00286nam a22001337a 4500
008 170522b xxu||||| |||| 00| 0 eng d
020 _a000010154861
041 _aeng
080 _a94(7/8)
100 _a16
101 _aSHH
245 _aJAMESTOWN
_cMCCARTNEY,M.W
942 _2udc
_cBK
999 _c13710
_d13710